000 00762nam a2200205Ia 4500
001 14186
003 GE_BSU
008 181216s||||||||xx |||||||||||||| ||und||
040 _cGE_BSU
245 _aკარიბჭე №5 (273) 26თებერვალი-11 მარტი 2015
245 _bმართლმადიდებლური ჟურნალი.
245 _cმთავარი რედაქტორი: თამარ მამაცაშვილი.
260 _aთბილისი
260 _c2015
300 _a78გვ.20 სმ.
653 _aკარიბჭე.
653 _aმართლმადიდებლური ჟურნალი
653 _aპერიოდიკა
942 _cCR
999 _c47325
_d47325